| 000 | 00557nab a2200193 a 4500 | ||
|---|---|---|---|
| 005 | 20210219160647.0 | ||
| 008 | 991125s1985 mx 000 0 spa u | ||
| 035 | _aUPN01000169930 | ||
| 222 | _aREVISTA ESPAÑOLA DE PEDAGOGIA | ||
| 245 | _aInteligencia emocional y alta habilidad | ||
| 300 | _a24-259 | ||
| 362 | 0 | _a2008 Año 66, no. 240, may.-ago. | |
| 653 | 0 | _aINTELIGENCIA EMOCIONAL | |
| 653 | 0 | _aALUMNOS DE ALTA CAPACIDAD | |
| 653 | 0 | _aALUMNOS DE HABILIDAD MEDIA | |
| 700 | 1 | _aPrieto, María Dolores, | |
| 700 | 1 | _ecoaut. | |
| 905 | _aArticulo | ||
| 999 |
_c142036 _d142036 |
||